000 02065cam a22005174i 4500
003 PE-LiUPU
005 20250731165600.0
008 150625s r 000 0 d
020 _a9972021270
035 _a(Sirsi) i9789972021275
040 _aPE-LiUPU
_bspa
_cPE-LiUPU
_erda
049 _aPRUA
082 0 4 _a413
_bC73
_221
110 2 _aEl Comercio S. A., Empresa Editora
245 1 0 _aDiccionario visual cinco idiomas /
_cEl Comercio S. A., Empresa Editora.
264 1 _aLima :
_bEmpresa Editora, El Comercio,
_c2005.
300 _a351 páginas :
_bilustraciones, col. ;
_c28 centímetros
336 _atext
_2rdacontent
337 _aunmediated
_2rdamedia
338 _avolume
_2rdacarrier
505 0 _aSobre el diccionario. -Cómo utilizar este libro. -La gente. -La apariencia. -La salud. -La casa. -Los servicios. -Las compras. -Los alimentos. -Comer fuera. -El estudio. -El trabajo. -El transporte. -Los deportes. -El ocio. -El medio ambiente. -La información.
526 _aSEG44
526 _aSEG26
526 _aP151
526 _aP150
526 _aP149
526 _aP146
526 _aP145
526 _aP126
526 _aP125
526 _aP92
526 _aP75
526 _aP74
526 _aP27
526 _aP15
650 0 4 _aEspañol
_vDiccionarios
_xAlemán.
650 0 4 _aEspañol
_vDiccionarios
_xItaliano.
650 0 4 _aEspañol
_vDiccionariosx
_xFrancés.
650 0 4 _aEspañol
_vDiccionariosx
_xInglés.
942 _2ddc
_cBOOK
949 _aRC 413 C73
_wDEWEY
_c1
_i56535
_lCCODEBUL1
_mBUL
_p18.00
_r0
_sY
_tBOOK
_u2015-6-25
_xEDUCACION
_zUNKNOWN
_0COMPRA
_o.CIRCNOTE. No olvidar cambiar la fecha de devolución!!!!!!!
_o.STAFF. Colección General
994 _aC0
_bPEPRU
596 _a1
999 _aRC 413 C73
_wDEWEY
_c45744
_i56535
_f2021-11-9
_g5
_lCCODEBUL1
_mBUL
_p18.00
_r1
_sY
_tBOOK
_u2015-6-25
_xEDUCACION
_zUNKNOWN
_0COMPRA
_o.CIRCNOTE. No olvidar cambiar la fecha de devolución!!!!!!!
_o.STAFF. Colección General
_d45744
980 _81
_gALBERTO SANCHEZ Responsable de Automatización